000 00796nam a2200265 i 4500
001 000033424
003 DO-SdBNP
005 20250909135253.0
007 ta
008 110829s1980 dr 000 0 spa d
040 _aDO-SdBNP
_bspa
_cBNPHU
_erda
041 _hspa
082 4 _axxxx
_bB174
_222
100 1 _aBalcarcel, Juan Daniel
_eautor
_958984
245 1 0 _aDuarte para estudiantes /
_cJuan Daniel Balcarcel.
264 _aCiudad no identificada :
_bEditora no identificada,
_cfecha no identificada
300 _a36 páginas ;
_c20 cm.
336 _ardacontent
_btexto
_2txt
337 _ardamedia
_bsin mediación
_2n
338 _ardacarrier
_bvolumen
_2nc
590 _aInventariado, 2025/DG
600 1 0 _aDuarte, Juan Pablo,
_d1813-1876
_91494
910 _aDG
942 _2ddc
_cLF2
999 _c32915
_d32915